000 00345nam a22001337a 4500
008 250310b |||||||| |||| 00| 0 eng d
020 _a9788190856515
050 _aHD30.35
_b.A75
100 _aARORA, K.C
245 _aProduction and Operation Management
260 _aNwe Delhi
_bUniversity Science Press
_c2012
300 _a1397p.
942 _cBK
999 _c2196
_d2196